| 000 | nam a22 4500 | ||
|---|---|---|---|
| 999 |
_c9281 _d9281 |
||
| 008 | 180427b ||||| |||| 00| 0 eng d | ||
| 100 |
_927642 _aEchaluce, Charina Clarisse L. |
||
| 245 |
_aNew DOH chief urged to visit gov't hospitals; FB users told to make nutrition-related posts/ _cCharina Clarisse L. Echaluce |
||
| 260 |
_aPhilippines _bManila Bulletin _cc2016 |
||
| 300 | _apage 4. | ||
| 650 | 0 |
_927643 _aNutrition. |
|
| 942 |
_2ddc _cPER |
||